000 01288cam a2200193 a 4500
999 _c4731
_d4731
020 _a9780071283281
050 4 _aBF721
_b.P47
100 1 _aHetherington, E. Mavis
245 1 0 _aChild psychology :
_ba contemporary viewpoint /
_cE. Mavis Hetherington, Ross D. Parke ; revised by Ross D. Parke and Virginia Otis Locke.
250 _a7th ed.
260 _aBoston :
_bMcGraw-Hill College,
_cc2009.
300 _a1 v. (various pagings) :
_billustrations
_c28 cm.
500 _aIncludes bibliographical references and index
505 _a1 Child Development: Themes, Theories, and Methods 2: Heredity and the Environment 3: Prenatal Development and Birth 4: Infancy: Sensation, Perception, and Learning 5: The Child's Growth: Brain, Body, Motor Skills and Sexual Maturation 6: Emotional Development and Attachment 7: Language and Communication 8: Cognitive Development: Piaget and Vygotsky 9: Cognitive Development: The Information-Processing 10: Intelligence and Achievement 11: The Family 12: Expanding the Social World: Peers and Friends 13: Gender Roles and Gender Differences 14: Morality, Altruism, and Aggression 15: Developmental Psychopathology
650 0 _aChild psychology.
700 1 _aParke, Ross D.
700 1 _aLocke, Virginia O.
942 _cBK